[Event "Autumn Tournament 2015 "]
[Site "SchemingMind.com"]
[Date "2015.09.29"]
[Round "-"]
[White "nic_car"]
[Black "fanfan_la_Tulipe"]
[Result "0-1"]
[WhiteCountry "ITA"]
[BlackCountry "AUT"]
[WhiteElo "1923"]
[WhiteRD "93"]
[BlackElo "2192"]
[BlackRD "72"]
[GameID "388116"]

1. d4 Nf6 2. c4 g6 3. Nc3 d5 4. Nf3 Bg7 5. Qb3 dxc4 6. Qxc4 O-O 7. e4 a6 8. Qb3 b5 9. e5 Nfd7 10. e6 fxe6
11. Be3 Nf6 12. a4 bxa4 13. Rxa4 Nd5 14. Bc4 c6 15. h4 Nd7 16. h5 N7b6 17. hxg6 hxg6 18. Bd3 Nxa4 19. Qxa4 Qb6 20. Qc2 Nb4
21. Qe2 Nxd3+ 22. Qxd3 Qxb2 23. Nd1 Qb4+ 24. Bd2 Qb5 25. Qxg6 Qf5 26. Qg3 Rf6 27. Qc7 Qe4+ 28. Be3 a5 29. Nc3 Qg6 30. Qxc6 Qxg2
31. Qxa8 Qxh1+ 32. Ke2 Rf8 33. Qc6 Ba6+ 34. Qxa6 Qxf3+ 35. Kd2 Qf5 36. Qb7 Bf6 37. Ne2 Qd5 38. Qb1 Kf7 39. Nf4 Qf5 40. Nd3 Rh8
41. Qb3 Qd5 42. Qa4 Rb8 43. Bf4 Rc8 44. Ne5+ Bxe5 45. Bxe5 Rc4 46. Qa3 Qe4 47. Qb2 a4 48. Qa2 Rxd4+ 49. Bxd4 Qxd4+ 50. Ke1 Qc3+
51. Kf1 Qc1+ 52. Kg2 a3 53. Qe2 Qg5+ 54. Kf1 Qd5 55. Qg4 a2
0-1

[Event "Autumn Tournament 2015 "]
[Site "SchemingMind.com"]
[Date "2015.09.29"]
[Round "-"]
[White "fanfan_la_Tulipe"]
[Black "nic_car"]
[Result "1-0"]
[WhiteCountry "AUT"]
[BlackCountry "ITA"]
[WhiteElo "2130"]
[WhiteRD "73"]
[BlackElo "1923"]
[BlackRD "91"]
[GameID "388117"]

1. Nf3 Nf6 2. b3 c5 3. Bb2 Nc6 4. g3 d5 5. Bg2 e6 6. O-O Bd6 7. d4 O-O 8. Nbd2 cxd4 9. Nxd4 Nxd4 10. Bxd4 e5
11. Bb2 Be6 12. Nf3 Qc7 13. Rc1 Rac8 14. Ng5 Qd7 15. Nxe6 Qxe6 16. Qd3 Rfd8 17. Rfd1 Be7 18. e3 Rc7 19. h3 Rcd7 20. Qe2 Bc5
21. c4 d4 22. exd4 Bxd4 23. Bxd4 Rxd4 24. Rxd4 Rxd4 25. Bxb7 Qxh3 26. Qxe5 Rd8 27. Bf3 h5 28. c5 Ng4 29. Bxg4 Qxg4 30. c6 Kh7
31. c7 Rc8 32. Rc4 Qd1+ 33. Kg2 f6 34. Qf5+
1-0

[Event "Autumn Tournament 2015 "]
[Site "SchemingMind.com"]
[Date "2015.10.01"]
[Round "-"]
[White "nic_car"]
[Black "Stephen Woodhouse"]
[Result "1-0"]
[WhiteCountry "ITA"]
[BlackCountry "ENG"]
[WhiteElo "1930"]
[WhiteRD "152"]
[BlackElo "1927"]
[BlackRD "48"]
[GameID "388178"]

1. e4 e6 2. Qe2 c5 3. Nf3 Nc6 4. g3 d5 5. exd5 Qxd5 6. Nc3 Qd8 7. Bg2 Nf6 8. O-O Be7 9. Rd1 O-O 10. d4 Nxd4
11. Nxd4 cxd4 12. Nb5 Qb6 13. Nxd4 Bd7 14. c4 Rac8 15. Be3 Bc5 16. Rd3 e5 17. Nb3 Bxe3 18. Rxe3 Bc6 19. c5 Qc7 20. Rxe5 Bxg2
21. Kxg2 Qc6+ 22. Kg1 Rfe8 23. Re1 Rxe5 24. Qxe5 Re8 25. Qc3 Kf8 26. Rxe8+ Qxe8 27. Nd4 Ne4 28. Qb4 Qe7 29. Nf5 Qe8 30. c6+
1-0

[Event "Autumn Tournament 2015 "]
[Site "SchemingMind.com"]
[Date "2015.10.01"]
[Round "-"]
[White "Stephen Woodhouse"]
[Black "nic_car"]
[Result "0-1"]
[WhiteCountry "ENG"]
[BlackCountry "ITA"]
[WhiteElo "1927"]
[WhiteRD "48"]
[BlackElo "1930"]
[BlackRD "152"]
[GameID "388179"]

1. e4 c5 2. c3 Nf6 3. e5 Nd5 4. d4 cxd4 5. Nf3 Nc6 6. cxd4 d6 7. Bc4 e6 8. O-O Be7 9. Qe2 O-O 10. Nc3 Nxc3
11. bxc3 dxe5 12. Nxe5 Nxe5 13. Qxe5 Bd7 14. Qg3 Bc6 15. Bh6 Bf6 16. Rfe1 Kh8 17. Bf4 Rc8 18. Bd3 Qd5 19. Be5 Qd8 20. Qh3 h6
21. Re3 Bd5 22. Rae1 Rxc3 23. g4 Bh4 24. Bg3 Qa5 25. Qxh4 Rxd3 26. g5 Rxe3 27. Rxe3 Rc8 28. f3 Qd2 29. Bf2 Rc1+ 30. Kg2 Rc2
31. Kg1 Qc1+ 32. Re1 Qxg5+ 33. Qxg5 hxg5 34. a4 Bxf3 35. Re3 g4 36. h3 Rc1+ 37. Be1 gxh3 38. Rxf3 Rxe1+ 39. Kh2 Kg8 40. Rb3 b6
41. Kxh3 Ra1
0-1

[Event "Autumn Tournament 2015 "]
[Site "SchemingMind.com"]
[Date "2015.10.02"]
[Round "-"]
[White "emvarela"]
[Black "Stephen Woodhouse"]
[Result "0-1"]
[WhiteCountry "ARG"]
[BlackCountry "ENG"]
[WhiteElo "1690"]
[WhiteRD "47"]
[BlackElo "1872"]
[BlackRD "49"]
[GameID "388180"]

1. e4 e6 2. d4 d5 3. Nc3 Nf6 4. Bg5 dxe4 5. Nxe4 Be7 6. Bxf6 Bxf6 7. Nxf6+ Qxf6 8. c3 O-O 9. Nf3 Nd7 10. Bd3 e5
11. Qc2 h6 12. dxe5 Nxe5 13. Nxe5 Qxe5+ 14. Kf1 Bd7 15. Re1 Qg5 16. Re3 Rfe8 17. Rg3 Qe7 18. Qd2 Kh8 19. Re3 Qc5 20. Rxe8+ Rxe8
21. b4 Qd5 22. Qc2 Ba4 23. Qb1 Bb5 24. Bxb5 Qxb5+ 25. Kg1 Qe5 26. g3 Qxc3 27. Kg2 Qc6+ 28. Kh3 Re2 29. Rd1 Qe6+ 30. g4 g6
31. Rd8+ Kg7 32. Qa1+ f6 33. Qd1 h5 34. Qd7+ Qxd7 35. Rxd7+ Kh6 36. Rxc7 Rxf2 37. gxh5 Kxh5 38. Rxb7 Rxa2 39. b5 Ra3+ 40. Kg2 Kg4
41. b6 Ra2+ 42. Kg1 Kf3 43. h4 Kg3 44. Kf1 axb6 45. Rxb6 Rf2+ 46. Kg1 Rf4
0-1

[Event "Autumn Tournament 2015 "]
[Site "SchemingMind.com"]
[Date "2015.10.02"]
[Round "-"]
[White "Stephen Woodhouse"]
[Black "emvarela"]
[Result "1-0"]
[WhiteCountry "ENG"]
[BlackCountry "ARG"]
[WhiteElo "1872"]
[WhiteRD "49"]
[BlackElo "1690"]
[BlackRD "47"]
[GameID "388181"]

1. e4 e5 2. Nf3 Nc6 3. d4 exd4 4. Nxd4 Bc5 5. Be3 Qf6 6. c3 Bxd4 7. Bxd4 Nxd4 8. cxd4 Ne7 9. Nc3 O-O 10. Bc4 c6
11. Qd2 d5 12. exd5 cxd5 13. Nxd5 Nxd5 14. Bxd5 Rd8 15. Bf3 Rxd4 16. Qc3 Bf5 17. O-O Rc8 18. Qb3 b6 19. Rad1 Rcd8 20. Rxd4 Rxd4
21. Rd1 Rxd1+ 22. Qxd1 g6 23. Qd2 Qe6 24. a3 Qd7 25. Qxd7 Bxd7 26. Kf1 f5 27. Bd5+ Kg7 28. f4 Kf6 29. Ke2 Be6 30. Bf3 Bc4+
31. Ke3 Ke6 32. Kd4 b5 33. Kc5 Bd3 34. Bd5+ Kf6 35. Bc6 a6 36. Bb7 Be4 37. Bxe4 fxe4 38. Kd4 Kf5 39. g3 h5 40. b4 h4
41. Ke3 h3 42. Kd4 g5 43. fxg5 Kxg5 44. Kxe4 Kg4 45. Ke3 Kf5 46. Kf3 Kg5 47. g4 Kg6 48. Kg3
1-0

[Event "Autumn Tournament 2015 "]
[Site "SchemingMind.com"]
[Date "2015.10.01"]
[Round "-"]
[White "Phillip Beckett"]
[Black "Stephen Woodhouse"]
[Result "0-1"]
[WhiteCountry "ENG"]
[BlackCountry "ENG"]
[WhiteElo "1559"]
[WhiteRD "49"]
[BlackElo "1927"]
[BlackRD "48"]
[GameID "388182"]

1. e4 e6 2. d4 d5 3. Nd2 c5 4. exd5 Qxd5 5. Ngf3 cxd4 6. Bc4 Qd6 7. O-O Nf6 8. Nb3 Nc6 9. Nfxd4 Nxd4 10. Qxd4 Qxd4
11. Nxd4 a6 12. Bg5 Be7 13. Rad1 Bd7 14. Rfe1 Rc8 15. Bb3 O-O 16. c3 Rfd8 17. Nf3 Bc6 18. Ne5 Nd5 19. Bxe7 Nxe7 20. Nxc6 Nxc6
21. Rxd8+ Rxd8 22. Rd1 Rxd1+ 23. Bxd1 Kf8 24. Kf1 Ke7 25. Bf3 Kd6 26. Bxc6 Kxc6 27. Ke2 Kd5 28. Kd3 b5 29. b3 e5 30. Ke3 f5
31. f3 g6 32. g3 h6 33. Kd3 g5 34. a3 h5 35. h3 a5 36. g4 hxg4 37. hxg4 e4+ 38. fxe4+ fxe4+ 39. Ke3 a4 40. bxa4 bxa4
41. c4+ Kxc4 42. Kxe4 Kb3 43. Kf5 Kxa3 44. Kxg5 Kb4 45. Kf6 a3 46. g5 a2 47. g6 a1=Q+ 48. Kf7 Qf1+ 49. Kg8 Kc5 50. Kh8 Qh3+
51. Kg8 Qe6+ 52. Kh8 Kd5 53. g7 Qh6+ 54. Kg8 Ke6 55. Kf8 Kf6
0-1

[Event "Autumn Tournament 2015 "]
[Site "SchemingMind.com"]
[Date "2015.10.01"]
[Round "-"]
[White "Stephen Woodhouse"]
[Black "Phillip Beckett"]
[Result "1-0"]
[WhiteCountry "ENG"]
[BlackCountry "ENG"]
[WhiteElo "1927"]
[WhiteRD "48"]
[BlackElo "1559"]
[BlackRD "49"]
[GameID "388183"]

1. e4 e5 2. Nf3 Nc6 3. d4 exd4 4. Nxd4 Bc5 5. Be3 Qf6 6. c3 Nge7 7. Bc4 Nxd4 8. Bxd4 Bxd4 9. Qxd4 Qxd4 10. cxd4 c6
11. Nc3 d6 12. O-O-O Bg4 13. f3 Be6 14. Bxe6 fxe6 15. Rhe1 O-O-O 16. d5 exd5 17. exd5 Nxd5 18. Nxd5 cxd5 19. Rxd5 Kc7 20. Re7+ Rd7
21. Rxd7+ Kxd7 22. Kd2 Rc8 23. Ke3 Rc2 24. Rd2 Rxd2 25. Kxd2 Ke6 26. Ke3 Kd5 27. f4 b5 28. g4 a5 29. b3 a4 30. Kd3 axb3
31. axb3 Kc5 32. f5 Kb4 33. g5 Kxb3 34. f6
1-0

[Event "Autumn Tournament 2015 "]
[Site "SchemingMind.com"]
[Date "2015.10.01"]
[Round "-"]
[White "Scooter"]
[Black "Stephen Woodhouse"]
[Result "0-1"]
[WhiteCountry "USA"]
[BlackCountry "ENG"]
[WhiteElo "1723"]
[WhiteRD "47"]
[BlackElo "1927"]
[BlackRD "48"]
[GameID "388184"]

1. d4 e6 2. Nf3 d5 3. Bf4 Bd6 4. Bxd6 Qxd6 5. c3 Nf6 6. e3 O-O 7. Nbd2 c5 8. Be2 Nc6 9. O-O Bd7 10. Qc2 Rac8
11. e4 Nxe4 12. Nxe4 dxe4 13. Qxe4 cxd4 14. Nxd4 Nxd4 15. Qxd4 Qxd4 16. cxd4 Rc2 17. Bf3 Rxb2 18. Rfb1 Rxb1+ 19. Rxb1 b6 20. Rc1 Rc8
21. Rxc8+ Bxc8 22. Kf1 Kf8 23. Ke2 Ke7 24. Kd3 Kd6 25. Be4 h6 26. f4 Bd7 27. Kc4 Bc6 28. Bxc6 Kxc6 29. a4 a6 30. g4 b5+
31. axb5+ axb5+ 32. Kc3 Kd5 33. Kd3 b4 34. h4 b3
0-1

[Event "Autumn Tournament 2015 "]
[Site "SchemingMind.com"]
[Date "2015.10.01"]
[Round "-"]
[White "Stephen Woodhouse"]
[Black "Scooter"]
[Result "1-0"]
[WhiteCountry "ENG"]
[BlackCountry "USA"]
[WhiteElo "1927"]
[WhiteRD "48"]
[BlackElo "1723"]
[BlackRD "47"]
[GameID "388185"]

1. e4 c6 2. d4 d5 3. exd5 cxd5 4. c4 Nf6 5. Nc3 g6 6. Qb3 e6 7. Bg5 Bg7 8. cxd5 exd5 9. Bxf6 Bxf6 10. Qxd5 O-O
11. O-O-O Nc6 12. Nf3 Qxd5 13. Nxd5 Bd8 14. Ne5 Ne7 15. Bc4 Nxd5 16. Bxd5 Be6 17. Bxe6 fxe6 18. f3 Rc8+ 19. Kb1 Bf6 20. Nd7 Rf7
21. Nxf6+ Rxf6 22. Rhe1 Kf7 23. d5 exd5 24. Rxd5 Rc7 25. Red1 Ke7 26. Rc1 Rfc6 27. Rxc6 Rxc6 28. Rd2 g5 29. Rc2 Ke6 30. Rxc6+ bxc6
31. Kc2 Ke5 32. Kd3 Kf4 33. b4 h5 34. Kd4 g4 35. fxg4 hxg4 36. h4 g3 37. h5
1-0

[Event "Autumn Tournament 2015 "]
[Site "SchemingMind.com"]
[Date "2015.10.01"]
[Round "-"]
[White "kenneth m day"]
[Black "Stephen Woodhouse"]
[Result "0-1"]
[WhiteCountry "USA"]
[BlackCountry "ENG"]
[WhiteElo "1713"]
[WhiteRD "53"]
[BlackElo "1872"]
[BlackRD "49"]
[GameID "388186"]

1. e4 e6 2. d4 d5 3. e5 c5 4. c3 Nc6 5. Nf3 Bd7 6. Bd3 cxd4 7. cxd4 Qb6 8. Nbd2 Rc8 9. O-O Nxd4 10. Nxd4 Qxd4
11. Nf3 Qb6 12. b3 Bc5 13. Bb2 Ne7 14. Rc1 O-O 15. Qd2 Bb5 16. Rfd1 Bxd3 17. Qxd3 Bxf2+ 18. Kh1 Be3 19. Rxc8 Rxc8 20. h3 Bf4
21. Bd4 Qc7 22. Rf1 Ng6 23. h4 Nxe5 24. Nxe5 Bxe5 25. Bxe5 Qxe5 26. Qf3 f6 27. Qd3 a6 28. Qd2 Qc3 29. Qe2 e5 30. Rd1 d4
31. Rd3 Qc2 32. Rd2 Qf5 33. Qe1 Rc2 34. Qd1 Rxd2 35. Qxd2 d3 36. Kg1 e4
0-1

[Event "Autumn Tournament 2015 "]
[Site "SchemingMind.com"]
[Date "2015.10.01"]
[Round "-"]
[White "Stephen Woodhouse"]
[Black "kenneth m day"]
[Result "1-0"]
[WhiteCountry "ENG"]
[BlackCountry "USA"]
[WhiteElo "1927"]
[WhiteRD "48"]
[BlackElo "1685"]
[BlackRD "50"]
[GameID "388187"]

1. e4 e5 2. Nf3 Nc6 3. d4 exd4 4. Nxd4 Nf6 5. Nc3 Bc5 6. Be3 Bb6 7. Nxc6 bxc6 8. e5 Nd5 9. Nxd5 cxd5 10. Qxd5 Rb8
11. Bc4 O-O 12. Bxb6 axb6 13. O-O Bb7 14. Qd2 Qh4 15. Bd5 Ba6 16. Rfe1 Rbe8 17. g3 Qh5 18. f4 c6 19. Bg2 Qg4 20. Rad1 Re7
21. Qd4 c5 22. Qd6 Qe6 23. Qxe6 dxe6 24. Rd6 Rb7 25. Bxb7
1-0

[Event "Autumn Tournament 2015 "]
[Site "SchemingMind.com"]
[Date "2015.10.01"]
[Round "-"]
[White "fanfan_la_Tulipe"]
[Black "Stephen Woodhouse"]
[Result "1-0"]
[WhiteCountry "AUT"]
[BlackCountry "ENG"]
[WhiteElo "2107"]
[WhiteRD "72"]
[BlackElo "1927"]
[BlackRD "48"]
[GameID "388188"]

1. Nf3 e6 2. b3 f5 3. c4 Nf6 4. Bb2 Be7 5. g3 O-O 6. Bg2 Ne4 7. O-O Bf6 8. Qc1 Bxb2 9. Qxb2 Qf6 10. Qxf6 Rxf6
11. d3 Nd6 12. Nc3 Nc6 13. d4 a6 14. Rad1 b6 15. Ne5 Bb7 16. Nxd7
1-0

[Event "Autumn Tournament 2015 "]
[Site "SchemingMind.com"]
[Date "2015.10.01"]
[Round "-"]
[White "Stephen Woodhouse"]
[Black "fanfan_la_Tulipe"]
[Result "0-1"]
[WhiteCountry "ENG"]
[BlackCountry "AUT"]
[WhiteElo "1935"]
[WhiteRD "50"]
[BlackElo "2130"]
[BlackRD "72"]
[GameID "388189"]

1. e4 e5 2. Nf3 Nc6 3. d4 exd4 4. Nxd4 Nf6 5. Nc3 Bb4 6. Nxc6 bxc6 7. Bd3 d5 8. exd5 cxd5 9. O-O O-O 10. Bg5 c6
11. Qf3 Bd6 12. Rfe1 Rb8 13. b3 Bb4 14. Bd2 Bg4 15. Qg3 Bd6 16. Qh4 Bh5 17. Ne2 Bg6 18. Bxg6 fxg6 19. Bf4 Bxf4 20. Nxf4 Qb6
21. Ne6 Rfe8 22. Ng5 h6 23. Nf3 Ne4 24. Re2 Rf8 25. a4 g5 26. Qg4 Rbe8 27. Rae1 Rf4 28. Qh5 Ref8 29. Rf1 g4 30. Ne5 Rxf2
0-1

[Event "Autumn Tournament 2015 "]
[Site "SchemingMind.com"]
[Date "2015.10.12"]
[Round "-"]
[White "nic_car"]
[Black "buddhastalin"]
[Result "1-0"]
[WhiteCountry "ITA"]
[BlackCountry "USA"]
[WhiteElo "1913"]
[WhiteRD "110"]
[BlackElo "1710"]
[BlackRD "71"]
[GameID "388520"]

1. e4 e6 2. Qe2 c5 3. f4 Be7 4. Nf3 d5 5. exd5 Qxd5 6. Nc3 Qd6 7. g3 Nf6 8. Bg2 a6 9. O-O O-O 10. b3 Nc6
11. Bb2 Rb8 12. Ne5 Nd4 13. Qd3 b5 14. Ne4 Qb6 15. g4 Nd5 16. Ng5 Bxg5 17. fxg5 Nb4 18. Qh3 Ndxc2 19. Be4 g6 20. Qh6 c4+
21. Rf2 Nd4 22. Nxg6 hxg6 23. Bxg6
1-0

[Event "Autumn Tournament 2015 "]
[Site "SchemingMind.com"]
[Date "2015.10.12"]
[Round "-"]
[White "buddhastalin"]
[Black "nic_car"]
[Result "0-1"]
[WhiteCountry "USA"]
[BlackCountry "ITA"]
[WhiteElo "1710"]
[WhiteRD "71"]
[BlackElo "1913"]
[BlackRD "110"]
[GameID "388521"]

1. e4 c5 2. Nf3 e6 3. d4 cxd4 4. Nxd4 a6 5. Nc3 Qc7 6. Be3 Nc6 7. Be2 Nf6 8. O-O Bb4 9. f3 O-O 10. Qd3 Ne5
11. Qd2 d5 12. f4 Nc4 13. Bxc4 Qxc4 14. Qd3 Qxd3 15. cxd3 Bxc3 16. bxc3 dxe4 17. dxe4 Nxe4 18. Rac1 Bd7 19. f5 e5 20. Nf3 Rfe8
21. Ng5 Nxg5 22. Bxg5 f6
0-1

[Event "Autumn Tournament 2015 "]
[Site "SchemingMind.com"]
[Date "2015.10.12"]
[Round "-"]
[White "emvarela"]
[Black "buddhastalin"]
[Result "1/2-1/2"]
[WhiteCountry "ARG"]
[BlackCountry "USA"]
[WhiteElo "1684"]
[WhiteRD "47"]
[BlackElo "1646"]
[BlackRD "70"]
[GameID "388522"]

1. e4 d5 2. exd5 Qxd5 3. Nc3 Qd6 4. d4 Nf6 5. Nf3 c6 6. h3 Bf5 7. Bd3 Bxd3 8. Qxd3 Nbd7 9. O-O e6 10. Be3 Be7
11. Ne4 Qc7 12. Nxf6+ Nxf6 13. c4 O-O 14. Ng5 h6 15. Ne4 Nxe4 16. Qxe4 Bf6 17. b3 c5 18. Rad1 cxd4 19. Bxd4 Bxd4 20. Rxd4 Rfd8
21. Rfd1 Rxd4 22. Rxd4 Rc8 23. Qd3 Qa5 24. Qd2 Qxd2 25. Rxd2 Kf8 26. f4 Ke7 27. Kf2 Rd8 28. Rxd8 Kxd8 29. Ke3 Ke7 30. g4 Kd6
31. Kd4 f6 32. b4 b6 33. a4 g6 34. h4 a6 35. c5+ bxc5+ 36. bxc5+ Kc6 37. g5 hxg5 38. hxg5 fxg5 39. fxg5 a5 40. Ke5 Kxc5
41. Kf6 e5 42. Kxe5 Kb4 43. Kf6 Kxa4 44. Kxg6 Kb4 45. Kf7 a4 46. g6 a3=
1/2-1/2

[Event "Autumn Tournament 2015 "]
[Site "SchemingMind.com"]
[Date "2015.10.09"]
[Round "-"]
[White "Phillip Beckett"]
[Black "buddhastalin"]
[Result "1/2-1/2"]
[WhiteCountry "ENG"]
[BlackCountry "USA"]
[WhiteElo "1586"]
[WhiteRD "49"]
[BlackElo "1710"]
[BlackRD "71"]
[GameID "388524"]

1. e4 e6 2. d4 d5 3. Nd2 Nf6 4. exd5 exd5 5. Bd3 Bd6 6. Ngf3 O-O 7. O-O Bg4 8. h3 Bh5 9. c3 c6 10. Qc2 Nbd7
11. Re1 Qc7 12. Nf1 Bxf3 13. gxf3 h6 14. Be3 Nh5 15. Kg2 Nf4+ 16. Bxf4 Bxf4 17. Ng3 Nf6 18. Rad1 Rfe8 19. Bf5 Re7 20. Rxe7 Qxe7
21. Ne2 Bd6 22. Qd2 Re8 23. Ng3 Bxg3 24. Kxg3 Nh5+ 25. Kh2 Qh4 26. Bg4 Nf6 27. Re1 Rxe1 28. Qxe1 h5 29. Bc8 Qf4+ 30. Kg2 Qg5+
31. Kh2 Qf4+ 32. Kg2 h4 33. Qe5 Qd2 34. Qb8 Qg5+ 35. Bg4+ Kh7 36. Qc8 Nxg4 37. Qxg4 Qxg4+ 38. fxg4 g5 39. f4 gxf4 40. Kf3 Kg6
41. Kxf4 f6 42. b4 b5 43. Ke3 Kg5 44. Kf3 f5 45. gxf5 Kxf5=
1/2-1/2

[Event "Autumn Tournament 2015 "]
[Site "SchemingMind.com"]
[Date "2015.10.08"]
[Round "-"]
[White "buddhastalin"]
[Black "Phillip Beckett"]
[Result "0-1"]
[WhiteCountry "USA"]
[BlackCountry "ENG"]
[WhiteElo "1723"]
[WhiteRD "69"]
[BlackElo "1590"]
[BlackRD "50"]
[GameID "388525"]

1. e4 e5 2. Nf3 Nc6 3. Bc4 Nf6 4. d3 Be7 5. O-O d6 6. c3 h6 7. Re1 O-O 8. Nbd2 Nh7 9. Nf1 Ng5 10. Ng3 Nxf3+
11. Qxf3 Bg5 12. Bxg5 Qxg5 13. Rad1 Bg4
0-1

[Event "Autumn Tournament 2015 "]
[Site "SchemingMind.com"]
[Date "2015.10.08"]
[Round "-"]
[White "Scooter"]
[Black "buddhastalin"]
[Result "0-1"]
[WhiteCountry "USA"]
[BlackCountry "USA"]
[WhiteElo "1707"]
[WhiteRD "48"]
[BlackElo "1723"]
[BlackRD "69"]
[GameID "388526"]

1. d4 e6 2. Nf3 f5 3. Bg5 Nf6 4. e3 d5 5. Be2 Bd6 6. O-O c6 7. c3 O-O 8. Nbd2 Nbd7 9. Qc2 Qe8 10. Bxf6 Nxf6
11. c4 b6 12. cxd5 exd5 13. Rac1 Ne4 14. Qxc6 Bd7 15. Qc2 Qe7 16. Nxe4 fxe4 17. Nd2 Rac8 18. Qb1 Rxc1 19. Rxc1 Bxh2+ 20. Kxh2 Qh4+
21. Kg1 Qxf2+ 22. Kh1 Qxe2 23. Nxe4 dxe4 24. Qxe4 Bf5 25. Qd5+ Rf7 26. Rc7 Qh5+ 27. Kg1 Qg6 28. Rxa7 Be6 29. Qd8+ Rf8 30. Qxb6 Rf1+
31. Kxf1 Bc4+
0-1

[Event "Autumn Tournament 2015 "]
[Site "SchemingMind.com"]
[Date "2015.10.08"]
[Round "-"]
[White "buddhastalin"]
[Black "Scooter"]
[Result "0-1"]
[WhiteCountry "USA"]
[BlackCountry "USA"]
[WhiteElo "1710"]
[WhiteRD "71"]
[BlackElo "1717"]
[BlackRD "47"]
[GameID "388527"]

1. e4 c6 2. d4 d5 3. Nc3 dxe4 4. Nxe4 Bf5 5. Ng3 Bg6 6. Nf3 Nd7 7. h4 h6 8. h5 Bh7 9. Bd3 Bxd3 10. Qxd3 Qc7
11. Bd2 O-O-O 12. c4 Ngf6 13. O-O-O e6 14. Kb1 Bd6 15. Ne4 Nxe4 16. Qxe4 Nf6 17. Qd3 Bf4 18. Bxf4 Qxf4 19. Ne5 Ng4 20. Nxg4 Qxg4
21. g3 Rd7 22. Rh4 Qf5 23. Qxf5 exf5 24. d5 cxd5 25. cxd5 Re8 26. Rc4+ Rc7 27. Rcd4 Kd7 28. f4 Re3 29. R4d3 Rxd3 30. Rxd3 Kd6
31. Ra3 b6 32. Rd3 Rc5 33. b3 Rxd5 34. Rc3 Rd1+ 35. Kc2 Rd5 36. Re3 g6 37. Kc3 Rc5+ 38. Kd2 b5 39. Kd3 b4 40. hxg6 fxg6
41. Kd2 a5
0-1

[Event "Autumn Tournament 2015 "]
[Site "SchemingMind.com"]
[Date "2015.10.08"]
[Round "-"]
[White "buddhastalin"]
[Black "kenneth m day"]
[Result "0-1"]
[WhiteCountry "USA"]
[BlackCountry "USA"]
[WhiteElo "1703"]
[WhiteRD "69"]
[BlackElo "1698"]
[BlackRD "51"]
[GameID "388528"]

1. e4 e5 2. Nf3 Nc6 3. Bc4 Bc5 4. c3 Nf6 5. d3 d6 6. O-O O-O 7. Bg5 h6 8. Bh4 Bg4 9. Nbd2 Qe7 10. Qe2 g5
11. Bg3 Nh5 12. b4 Bb6 13. a4 a6 14. Bd5 Nf4 15. Bxf4 gxf4 16. b5 axb5 17. axb5 Na5 18. Qe1 c6 19. bxc6 bxc6 20. Ba2 Nb7
21. d4 Qf6 22. dxe5 dxe5 23. Nc4 Bc7 24. Nfd2 Nc5 25. f3 Be6 26. Qe2 Kh7 27. Nb3 Nxb3 28. Bxb3 Rab8 29. Rfb1 Rg8 30. Ba4 Qg5
31. Bxc6 Bxc4 32. Qxc4 Qxg2#
0-1

[Event "Autumn Tournament 2015 "]
[Site "SchemingMind.com"]
[Date "2015.10.08"]
[Round "-"]
[White "kenneth m day"]
[Black "buddhastalin"]
[Result "0-1"]
[WhiteCountry "USA"]
[BlackCountry "USA"]
[WhiteElo "1698"]
[WhiteRD "51"]
[BlackElo "1703"]
[BlackRD "69"]
[GameID "388529"]

1. e4 e6 2. d4 d5 3. e5 c5 4. c3 Nc6 5. Nf3 Nh6 6. Bd3 Nf5 7. Bg5 Be7 8. Bxe7 Qxe7 9. Nbd2 cxd4 10. g4 Nh4
11. cxd4 Ng2+ 12. Kf1 Nf4 13. Bc2 O-O 14. h4 Nb4 15. Bb1 Nbd3 16. Bxd3 Nxd3 17. Qc2 Nf4 18. Ng5 g6 19. Ndf3 f6 20. exf6 Qxf6
21. Ne5 h6 22. Ngf3 b6 23. Rc1 Ba6+ 24. Ke1 Rac8 25. Qd2 Rxc1+ 26. Qxc1 Nd3+ 27. Nxd3 Qxf3
0-1

[Event "Autumn Tournament 2015 "]
[Site "SchemingMind.com"]
[Date "2015.10.08"]
[Round "-"]
[White "buddhastalin"]
[Black "fanfan_la_Tulipe"]
[Result "0-1"]
[WhiteCountry "USA"]
[BlackCountry "AUT"]
[WhiteElo "1703"]
[WhiteRD "69"]
[BlackElo "2130"]
[BlackRD "73"]
[GameID "388530"]

1. e4 e5 2. Nf3 Nc6 3. Bb5 a6 4. Ba4 Nf6 5. O-O b5 6. Bb3 Bc5 7. Qe2 d6 8. c3 Bg4 9. d3 h6 10. Be3 Bxe3
11. fxe3 O-O 12. Nbd2 Na5 13. Bc2 c5 14. d4 cxd4 15. exd4 Qb6 16. Qf2 Bxf3 17. Nxf3 Ng4 18. Qe2 Nc4 19. Rab1 exd4 20. cxd4 Nge3
21. Rfe1 Nxc2 22. Qxc2 Rac8 23. Qd3 Ne5 24. Nxe5 dxe5 25. Rbd1 Rfd8 26. Kh1 Rxd4 27. Qf3 Rcd8 28. Rxd4 Rxd4 29. Rc1 Qb7 30. Re1 Qd7
31. Qe3 Rd1 32. Qe2 Rxe1+ 33. Qxe1 Qd4 34. Qe2 Kf8 35. b3 Qa1+
0-1

[Event "Autumn Tournament 2015 "]
[Site "SchemingMind.com"]
[Date "2015.10.08"]
[Round "-"]
[White "fanfan_la_Tulipe"]
[Black "buddhastalin"]
[Result "1-0"]
[WhiteCountry "AUT"]
[BlackCountry "USA"]
[WhiteElo "2130"]
[WhiteRD "72"]
[BlackElo "1723"]
[BlackRD "69"]
[GameID "388531"]

1. Nf3 e6 2. b3 f5 3. c4 Nf6 4. Bb2 b6 5. g3 Bb7 6. Bg2 d5 7. cxd5 exd5 8. O-O Bd6 9. d4 O-O 10. Nc3 Nbd7
11. Rc1 c6 12. e3 Ne4 13. Re1 Ndf6 14. Ne5 Qe7 15. Nxe4 fxe4 16. Nxc6 Bxc6 17. Rxc6 Ng4 18. Qxg4
1-0

[Event "Autumn Tournament 2015 "]
[Site "SchemingMind.com"]
[Date "2015.10.07"]
[Round "-"]
[White "buddhastalin"]
[Black "Stephen Woodhouse"]
[Result "0-1"]
[WhiteCountry "USA"]
[BlackCountry "ENG"]
[WhiteElo "1723"]
[WhiteRD "69"]
[BlackElo "1935"]
[BlackRD "50"]
[GameID "388532"]

1. e4 e6 2. d4 d5 3. Nd2 c5 4. Ngf3 cxd4 5. Nxd4 Nf6 6. exd5 Nxd5 7. N2f3 Bd7 8. Bd3 Nc6 9. c3 Be7 10. O-O O-O
11. Bd2 Bf6 12. Qe2 Rc8 13. Rac1 Qe7 14. Rfe1 Nxd4 15. Nxd4 Qd6 16. Qe4 g6 17. h4 h5 18. Bh6 Bg7 19. Bxg7 Kxg7 20. Rcd1 Rfd8
21. Ne2 Bc6 22. Bc4 Qc7 23. Nd4 Nxc3
0-1

[Event "Autumn Tournament 2015 "]
[Site "SchemingMind.com"]
[Date "2015.10.07"]
[Round "-"]
[White "Stephen Woodhouse"]
[Black "buddhastalin"]
[Result "1-0"]
[WhiteCountry "ENG"]
[BlackCountry "USA"]
[WhiteElo "1935"]
[WhiteRD "50"]
[BlackElo "1723"]
[BlackRD "69"]
[GameID "388533"]

1. e4 e6 2. d4 d5 3. Nd2 Nf6 4. e5 Nfd7 5. Bd3 c5 6. c3 Nc6 7. Ne2 Qb6 8. O-O cxd4 9. cxd4 Nxd4 10. Nxd4 Qxd4
11. Nf3 Qb6 12. Re1 Bc5 13. Be3 Bxe3 14. Rxe3 Nc5 15. Bc2 Qxb2 16. Nd4 Qb6 17. Rb1 Qd8 18. Nb5 O-O 19. Bxh7+ Kxh7 20. Rh3+ Kg8
21. Qh5 f6 22. Nd6
1-0

[Event "Autumn Tournament 2015 "]
[Site "SchemingMind.com"]
[Date "2015.10.13"]
[Round "-"]
[White "nic_car"]
[Black "Simon Green"]
[Result "1-0"]
[WhiteCountry "ITA"]
[BlackCountry "ENG"]
[WhiteElo "1943"]
[WhiteRD "125"]
[BlackElo "1582"]
[BlackRD "58"]
[GameID "388540"]

1. e4 e6 2. Qe2 d5 3. exd5 Qxd5 4. Nc3 Qd7 5. Nf3 Nf6 6. d4 Bb4 7. Bd2 Bxc3 8. Bxc3 Nd5 9. Ne5 Qe7 10. g3 Nc6
11. Bg2 Nxe5 12. Qxe5 f6 13. Qh5+ g6 14. Qe2 Bd7 15. O-O a6 16. Bd2 O-O-O 17. Bxd5 Qd6 18. Bg2 Bc6 19. Bf4 Qd7 20. Rfe1 Rhe8
21. Rad1 Bxg2 22. Kxg2 Qd5+ 23. Kg1 Qxa2 24. b3 Qb2 25. Qc4 Rd7 26. Rd3 c6 27. d5 e5 28. dxc6 Rxd3 29. cxb7+ Kxb7 30. Qxd3 Rc8
31. c4 exf4 32. Qd5+ Kb6 33. Re6+ Kc7 34. Re7+
1-0